01041nas a2200277Ia 4500001001600000003001000016008004100026040002500067041001300092100001700105210004500122222004500167245004900212250001100261260000900272501012300281300001400404362003200418500005300450650002500503700001100528942000700539957000600546999003300552952017800585A09/R121-47069 IT-MiCISF161014c99999999xx |||||||||||| ||und|| aIT-MiCISFcIT-MiCISF aITALIANO aCambi Franco aRivista italiana di educazione familiare aRivista italiana di educazione familiare 0aLa famiglia che forma: un modello possibile? a1a ed. c2006 bCISF - Centro Internazionale Studi Famiglia - Via Giotto, 36 20145 MILANO (non commercial uses only)cCopyright 2016 app. 23-29 an. 1, gennaio-giugno [2006] a Tema: educazione-familiare, educazione-genitori aEDUCAZIONEvarticolo aAA.VV. cCR 71 a47069bSig1c226093d226093 0010406A_09_000000000000000_R1214706971aCISFbCISFd2016-10-14l0oA09/R121-47069 r2016-10-14 00:00:00w2016-10-14yCRzData import 15.10.2016 / by Epidotti, Vaglietti